| 000 | 01375nam a2200133Ia 4500 | ||
|---|---|---|---|
| 008 | 220620s9999||||xx |||||||||||||| ||und|| | ||
| 020 | _a9783040000000 | ||
| 245 | 0 | _aTrends and Prospects in Geotechnics | |
| 546 | _aEnglish[eng] | ||
| 650 | _aground improvement||earth reinforcement||geotextiles||numerical analysis||spatial TDR||moisture content||soil suction||SWRC||transient flow||excess pore water pressure||pond filling rates||upstream tailings dam||AdaBoost||support vector machine||k-nearest neighbor||random forest||rockfill materials||shear strength||cement-treated soil||cellulose nanofibre||strength||permeability||sulfate-bearing soil||ettringite||soil stabilization||gypseous soil||calcium-based stabilizer||non-calcium-based stabilizer||biopolymer||soil stabilisation xanthan gum||sandy soil||cement||soil contamination||oil field||SEM||treatment||soil-cement mixtures||fibers||mechanical properties||machine learning||artificial neural networks||soil improvement||multiwall carbon nanotubes (MWCNTs)||unconfined compressive strength tests||surfactant||quality control||quality assurance||deep mixing method||cemented iron ore tailings behaviour||filtered tailings stacking||Portland cement||compaction||n/a | ||
| 700 | _ada Venda Oliveira, Paulo José||Correia, António Alberto Santos | ||
| 856 | _uhttps://mdpi.com/books/pdfview/book/5357 | ||
| 942 | _cEB | ||
| 999 |
_c33776 _d33776 |
||